000 00562cam a22001697a 4500
008 180718b2008 xxu||||| |||| 00| 0 eng d
020 _a9780415467322
082 _aBA27x54 M582
100 _aMichelutti, Lucia
245 _aThe vernacularisation of democracy: politics, caste and religion in India
_cby Lucia Michelutti
260 _aNew Delhi
_bRoutledge
_c2008
300 _a253p.
650 _aIndia --Politics and government --1977-
650 _aReligion and politics --India
650 _aDemocracy --India
650 _aAhirs --Politics and government
999 _c426538
_d426538